Flagi państw które kiedykolwiek kontrolowały Ziemię Chełmińską - Statystyki

Ogólne statystyki
  • Ten quiz został rozwiązany 8 razy
  • Średni wynik to 9 z 11
Statystyki odpowiedzi
Obrazkowy Hint Odpowiedź % Poprawnych
960-1226* Państwo Piastów
100%
1815-1920 Cesarstwo Niemieckie
88%
1989- III Rzeczpospolita
88%
1939-1945 III Rzesza
88%
1918-1939 II Rzeczpospolita
88%
1466-1569 Królestwo Polskie
88%
1945-1989 Polska Rzeczpospolita Ludowa
88%
1772-1807 Prusy
88%
1569-1772 Rzeczpospolita Obojga Narodów
88%
1226-1466 Zakon Krzyżacki
88%
1807-1815* Księstwo Warszawskie
50%
Nie znaleziono quizów pasujących do podanych kryteriów
Rozkład punktacji
Procent ludzi z każdym wynikiem
Percentyl według liczby udzielonych odpowiedzi
Twoja historia wyników
Nie rozwiązałeś tego quizu